00513cam a2200169 a 450000500170000000800410001702000150005805000220007310000240009524501030011925000110022226000320023330000210026544000210028650000210030765000150032820150219100810.0040426s2000 mx 000 0 spa u a970651298500aBR1610b C57 20001 aCisneros, Isidro H.14aLos Recorridos de la tolerancia :bautores, creaciones y ciclos de una idea /cIsidro H. Cisneros. a1a ed. aMéxico :bOceano, c2000. a229 p. ;c23 cm. 3aEl Ojo Infalible aIncluye índice 0aTolerancia